| 000 | 00421nam a22001577a 4500 | ||
|---|---|---|---|
| 003 | OSt | ||
| 005 | 20210914113651.0 | ||
| 008 | 210914b |||||||| |||| 00| 0 eng d | ||
| 020 | _a0631210261 | ||
| 040 |
_aHU _cDDC |
||
| 082 | _a307.76/ORU | ||
| 245 | _aTHE World of Cities Places in Comparative and Historical Perspective | ||
| 260 |
_aNew York _bBlackwell _c2003 |
||
| 300 |
_axi.180P,20CM _bill |
||
| 942 |
_2ddc _cBOOKS _n0 |
||
| 999 |
_c3707 _d3707 |
||